Supernatural Quiz - Statistics

General Stats
  • This quiz has been taken 1,051 times
  • The average score is 13 of 15
Answer Stats
Hint Answer % Correct
Who is the oldest Winchester brother? Dean
100%
Who is the younger Winchester brother? Sam
100%
Who is the man who is like a father to the brothers? Bobby
99%
Who is their angel frined? Castiel
99%
How old was Sam in the first series of Supernatural? 22
93%
How old was Dean in the first series of Supernatural? 26
93%
Who died in a ball of fire on the ceiling? (First One) Mary
93%
What deamon calls Sam 'Moose'? Crowley
92%
^Second One Jessica
89%
What is the name of the Yellow-Eyed demon? Azazel
82%
What state did the boys live in when they were young? Kansas
82%
What is the show run by Ed and Harry? Ghostfacers
75%
What is the name of the genius who lived at the Road House? Ash
71%
What is the name of the thief the boys have worked with? Bela
67%
How does Dean get sent to Purgatory? Killing Dick
24%
No matching quizzes found
Score Distribution
Percent of People with Each Score
Percentile by Number Answered
Your Score History
You have not taken this quiz